ბათუმის შოთა რუსთაველის სახელმწიფო უნივერსიტეტის ბიბლიოთეკა

წერილები:ქართულ ლიტერატურაზე (ბიბ.ჩანაწერი № 43425)

000 -LEADER
fixed length control field 00828nam a2200205Ia 4500
001 - CONTROL NUMBER
control field 10155
003 - CONTROL NUMBER IDENTIFIER
control field GE_BSU
008 - FIXED-LENGTH DATA ELEMENTS--GENERAL INFORMATION
fixed length control field 181216s||||||||xx |||||||||||||| ||und||
040 ## - CATALOGING SOURCE
Transcribing agency GE_BSU
080 ## - UNIVERSAL DECIMAL CLASSIFICATION NUMBER
Universal Decimal Classification number 821.353.1.09
100 ## - MAIN ENTRY--PERSONAL NAME
Personal name სხირტლაძე,სიმონ
245 ## - TITLE STATEMENT
Title წერილები:ქართულ ლიტერატურაზე
245 ## - TITLE STATEMENT
Statement of responsibility, etc. შემდგ.თამარ ჯაფარიძე.რედ.მურმან ლებანიძე.მხატვ.უჩა ჯაფარიძე
260 ## - PUBLICATION, DISTRIBUTION, ETC.
Place of publication, distribution, etc. თბილისი
260 ## - PUBLICATION, DISTRIBUTION, ETC.
Name of publisher, distributor, etc. საბჭოთა საქართველო
260 ## - PUBLICATION, DISTRIBUTION, ETC.
Date of publication, distribution, etc. 1977
300 ## - PHYSICAL DESCRIPTION
Extent 360გვ.პორტრ.16სმ.
653 ## - INDEX TERM--UNCONTROLLED
Uncontrolled term წერილები:ქართულ ლიტერატურაზე
942 ## - ADDED ENTRY ELEMENTS (KOHA)
Koha item type წიგნი
ეგზემპლარები
Withdrawn status Lost status Damaged status Not for loan Date acquired Barcode Date last seen Price effective from Koha item type
        2018-12-17 33819 2018-12-17 2018-12-17 წიგნი